000 00798cam a2200229 a 4500
001 000014829
005 20250318134442.0
008 710610s1971 mau b 000 0 eng d
040 _aDO-SdBNP
_beng
_cLC
_dBNPHU
082 _a301.320973
_bW534f
100 1 _aWestoff, Leslie Aldridge.
_933587
245 1 0 _aFrom now to zero :
_bfertility, contraception and abortion in America /
_cLeslie Aldridge Westoff y Charles F. Westoff.
260 _aBoston :
_bLittle, Brown and Company,
_c1971.
300 _axxi, 358 p. ;
_c22 cm.
504 _aBibliografías: 357-358.
650 4 _aControl natal
_zEstados Unidos
_933588
650 0 _aAborto
_930003
651 4 _aEstados Unidos
_xPoblación
_933589
700 1 _aWestoff, Charles F.
_933590
910 _aCatalogación por copia / LC
049 _aBNGR
999 _c14409
_d14409